Statistiques concernant Harry Potter: le Silver Trio

Cliquez ici pour prendre le quiz!

Statistiques générales

  • Ce quiz a été pris 78 fois
  • Le résultat moyen est 5 sur 5

Statistiques - réponses

InformationRéponses% Correct
MembreLuna Lovegood
96%
MembreNeville Londubat
96%
MembreGinny Weasley
94%
Dernière apparitionHarry Potter et les Reliques de la Mort
93%
Première apparitionHarry Potter et l’Ordre du Phénix
88%

Distribution des résultats

Percentile par nombre de réponses

% des personnes avec chaque résultat

Votre développement - résultats

Vous n’avez pas pris ce quiz